00354 a2200121 4500020001100000035001300011037004700024082001100071100001600082245005700098260005000155300002700205 c185.00 aB-110529 bRP-ZLS-2292 / PANSY-05-06:9 / RP-05-06:ENG14a530.111 aBajaj, N.K.1 aThe physics of wawes and oscillationscby N.K. Bajaj aNew DelhibTata McGraw Hill Publishingc2004r axi, 432 pc23 cm (pbk)